| 000 | 02034cam a2200397 a 4500 | ||
|---|---|---|---|
| 001 | 15241213 | ||
| 003 | ARRUPE | ||
| 005 | 20141029111446.0 | ||
| 008 | 080331s2008 nju b 001 0 eng | ||
| 010 | _a 2008014117 | ||
| 015 |
_aGBA866719 _2bnb |
||
| 016 | 7 |
_a014615040 _2Uk |
|
| 020 | _a1592216102 (cloth) | ||
| 020 | _a9781592216109 (cloth) | ||
| 020 | _a1592216110 (pbk.) | ||
| 020 | _a9781592216116 (pbk.) | ||
| 035 | _a(OCoLC)ocn212328233 | ||
| 035 |
_a(OCoLC)212328233 _z(OCoLC)212328243 |
||
| 040 |
_aDLC _cDLC _dYDX _dYDXCP _dUKM _dBTCTA _dVVC _dDLC |
||
| 043 | _af------ | ||
| 050 | 0 | 0 |
_aPR9344 _b.O35 2008 |
| 082 | 0 | 0 |
_a823/.9140896 _222 |
| 100 | 1 |
_aPalmer, Eustace. _912266 |
|
| 245 | 1 | 0 |
_aOf war and women, oppression and optimism : _bnew essays on the African novel / _cEustace Palmer. |
| 260 |
_aTrenton, NJ : _bAfrica World Press, _cc2008. |
||
| 300 |
_a367 p. ; _c23 cm. |
||
| 504 | _aIncludes bibliographical references (p. [349]-359) and index. | ||
| 505 | 0 | _aChukwuemeka Ike: Sunset at dawn -- Isodore Okpewho: The last duty -- Ken Saro-Wiwa: Sozaboy -- Buchi Emecheta: The joys of motherhood -- Bessie Head: Maru -- Mariama Ba: So long a letter -- Nawal El Saadawi: Woman at point zero -- Tsitsi Dangarembga: Nervous conditions -- Chinua Achebe: Anthills of the savannah -- Ben Okri: The famished road -- Syl Cheney-Coker: The last Harmattan of Alusine Dunbar -- Benjamin Kwakye: The sun by night -- Yema Lucilda Hunter: Road to freedom ; Prince Dowu Palmer: The mockingstones -- Alasan Mansaray: A haunting heritage ; J. Sorie Conteh: The diamonds. | |
| 650 | 0 |
_aAfrican fiction (English) _xHistory and criticism. _912267 |
|
| 651 | 0 |
_aAfrica _xIn literature. _912268 |
|
| 700 | 1 |
_aPalmer, Eustace. _912269 |
|
| 856 | 4 | 1 |
_3Table of contents only _uhttp://www.loc.gov/catdir/toc/ecip0814/2008014117.html |
| 906 |
_a7 _bcbc _corignew _d1 _eecip _f20 _gy-gencatlg |
||
| 942 |
_2lcc _cMONOGRAPH |
||
| 999 |
_c121142 _d121142 |
||